000
00308nam a2200133Ia 4500
100
_a
Gilberg/Richard F
942
_c
BK
654
_a
datastructures
245
_a
Datastructures:A pseudocode approach with C
260
_b
Thomson/Brooks
_c
1998
082
_a
5.72
_b
GIL
300
_a
671
546
_a
ENGLISH
999
_c
27019
_d
27019